| 000 | 00589nam a2200181Ia 4500 | ||
|---|---|---|---|
| 005 | 20260429112232.0 | ||
| 008 | 260429s9999||||xx |||||||||||||| ||und|| | ||
| 020 | _a9788196970413 | ||
| 041 | _aHindi | ||
| 082 |
_a891.433 _bSIN |
||
| 100 | _aसिन्हा, वीणा | ||
| 245 | 0 |
_aअग्निगर्भ में जलती पंखुरियां / _cवीणा सिन्हा |
|
| 250 | _a1st ed. | ||
| 260 |
_aनई दिल्ली : _bप्रकाशन संस्थान, _c2024. |
||
| 300 | _a192 p.; Hb | ||
| 650 | _aNovel | ||
| 942 | _cTB | ||
| 999 |
_c53042 _d53042 |
||